| 000 | 00776nam a2200265Ia 4500 | ||
|---|---|---|---|
| 003 | OSt | ||
| 005 | 20220912145048.0 | ||
| 006 | a|||||r|||| 00| 0 | ||
| 007 | ta | ||
| 008 | 220909b |||||||| |||| 00| 0 eng d | ||
| 024 | _a75632 | ||
| 037 | _cTextbook | ||
| 040 |
_aCSL _beng _cCSL |
||
| 041 | _aeng | ||
| 082 | _aCN26p1,N80, M1;1 | ||
| 100 | _aKAtok A Ed. | ||
| 111 | _aConference on ergodic theory and dynamical systems (1979 : University of Mayland) | ||
| 245 | 0 | _aProceedings of ergodic theory and dynamical system | |
| 260 |
_aBoston _bBirkhauser _c1981 |
||
| 300 |
_axi,333p. _ccm. |
||
| 490 | _aProgress in mathematics; 10 | ||
| 650 | _aPhysics | ||
| 942 |
_hCN26p1,N80, M1;1 _cTB _2CC |
||
| 999 |
_c22188 _d22188 |
||